| 000 | 00000nam##2200000za#4500 |
| 001 | 9.696050 |
| 003 | CaOODSP |
| 005 | 20240527135429 |
| 007 | cr ||||||||||| |
| 008 | 150407|2003||||xxc|||||o f|0| 0 eng|d |
| 040 | |aCaOODSP|beng |
| 043 | |an-cn--- |
| 086 | 1 |aCW66-225/2003E-PDF |
| 110 | 2 |aCanadian Wildlife Service. |
| 245 | 10|aSpecies at Risk Act : |h[electronic resource]|ba guide |
| 260 | |aOttawa - Ontario : |bEnvironment Canada. |cJune 2003. |
| 300 | |a26p. |
| 500 | |aThe catalogue number (CW66-225/2003) and ISBN (0-662-67439-1) for the bilingual print edition have been incorrectly copied in this electronic publication. |
| 590 | |a12-32-Supp|b2012-07-11 |
| 690 | 07|aEndangered species|2gcpds |
| 690 | 07|aLegislation|2gcpds |
| 775 | 08|tLoi sur les espèces en péril : |w(CaOODSP)9.640167 |
| 776 | 0#|tSpecies at Risk Act : |w(CaOODSP)9.664725 |
| 776 | 0#|tLoi sur les espèces en péril : |w(CaOODSP)9.664726 |
| 856 | 40|ahttp://publications.gc.ca|qPDF|s299 KB|uhttps://publications.gc.ca/collections/collection_2012/ec/CW66-225-2003-eng.pdf |